[Event "Milan Crespi op-A 30th"]
[Site "Milan"]
[Date "2009.12.06"]
[Round "3"]
[White "Crippa, Gabriele"]
[Black "Piscopo, Pierluigi"]
[Result "0-1"]
[WhiteElo "2092"]
[BlackElo "2429"]
[PlyCount "81"]
[EventDate "2009.12.05"]
[EventType "swiss"]
[EventRounds "9"]
[EventCountry "ITA"]
[SourceTitle "CBM 133 Extra"]
[Source "ChessBase"]
[SourceDate "2010.01.05"]
[SourceVersion "1"]
[SourceVersionDate "2010.01.05"]
[SourceQuality "1"]

1. d4 Nf6 2. Nf3 g6 3. c4 Bg7 4. Nc3 0-0 5. Bg5 c5 6. e3 cxd4 7. Nxd4 Qa5 8. Bxf6 Bxf6 9. Be2 Nc6 10. 0-0 Bg7 11. Qd2 d6 12. Rab1 Bd7 13. b4 Qd8 14. Nxc6 Bxc6 15. b5 Bd7 16. Rfd1 Rc8 17. a4 Be6 18. Nd5 Rc5 19. Qb4 b6 20. Bf3 Qd7 21. Rbc1 Rfc8 22. Qb3 Bxd5 23. Bxd5 e6 24. Bc6 R8xc6 25. bxc6 Qxc6 26. Rc2 h5 27. h3 Ra5 28. Ra2 Bf8 29. Rb1 Rg5 30. f4 Ra5 31. Qc2 Rc5 32. a5 Rxc4 33. Qb2 bxa5 34. Qb5 Qe4 35. Re2 d5 36. Ra1 a4 37. Qb8 d4 38. Qxa7 d3 39. Raa2 Ba3 40. Qb8+ Kg7 41. Qd8 0-1

[Event "Como Province-ch"]
[Site "Como"]
[Date "2009.01.24"]
[Round "1"]
[White "Crippa, Gabriele"]
[Black "Boffi, Luigi"]
[Result "1-0"]
[WhiteElo "2091"]
[BlackElo "1624"]
[PlyCount "23"]
[EventDate "2009.01.24"]
[EventType "swiss"]
[EventRounds "6"]
[EventCountry "ITA"]
[SourceTitle "EXT 2011"]
[Source "ChessBase"]
[SourceDate "2010.11.26"]
[SourceVersion "1"]
[SourceVersionDate "2010.11.26"]
[SourceQuality "1"]

1. d4 Nf6 2. Nf3 e6 3. Bg5 d5 4. e3 Be7 5. c3 Nbd7 6. Bd3 0-0 7. Nbd2 c5 8. 0-0 b6 9. Ne5 Bb7 10. Qa4 Nxe5 11. dxe5 Nd7 12. Qh4 1-0

[Event "Milan Crespi op-A 29th"]
[Site "Milan"]
[Date "2008.12.13"]
[Round "9"]
[White "Nicolo, Filippo"]
[Black "Crippa, Gabriele"]
[Result "0-1"]
[WhiteElo "2094"]
[BlackElo "2080"]
[PlyCount "66"]
[EventDate "2008.12.06"]
[EventType "swiss"]
[EventRounds "9"]
[EventCountry "ITA"]
[SourceTitle "CBM 130 Extra"]
[Source "ChessBase"]
[SourceDate "2009.07.02"]
[SourceVersion "2"]
[SourceVersionDate "2009.07.15"]
[SourceQuality "1"]

1. e4 d6 2. d4 Nf6 3. Nc3 e5 4. Nf3 Nbd7 5. g4 g6 6. g5 Nh5 7. Be3 Bg7 8. Qd2 Nf8 9. d5 f5 10. gxf6 Qxf6 11. Ng1 Nf4 12. 0-0-0 a6 13. h4 h6 14. f3 Bd7 15. Nh3 g5 16. hxg5 hxg5 17. Nf2 Rxh1 18. Nxh1 N8g6 19. Nf2 Ke7 20. Ng4 Bxg4 21. fxg4 Rh8 22. Na4 Qf8 23. c4 b6 24. b4 Nh4 25. Qc2 Nf3 26. c5 bxc5 27. bxc5 Qb8 28. Bxa6 Nd4 29. Bxd4 exd4 30. cxd6+ cxd6 31. Nb2 Be5 32. Nd3 Nxd3+ 33. Bxd3 Bf4+ 0-1

[Event "Milan Crespi op-A 28th"]
[Site "Milan"]
[Date "2007.12.07"]
[Round "3"]
[White "Virzi, Ettore"]
[Black "Crippa, Gabriele"]
[Result "0-1"]
[WhiteElo "1956"]
[BlackElo "2087"]
[PlyCount "50"]
[EventDate "2007.12.05"]
[EventType "swiss"]
[EventRounds "7"]
[EventCountry "ITA"]
[SourceTitle "EXT 2009"]
[Source "ChessBase"]
[SourceDate "2008.11.26"]
[SourceVersion "1"]
[SourceVersionDate "2008.11.26"]
[SourceQuality "1"]

1. e4 d6 2. d4 e5 3. Nf3 exd4 4. Nxd4 Nf6 5. Nc3 Be7 6. Bf4 a6 7. Qd2 b5 8. f3 c5 9. Nde2 Be6 10. 0-0-0 b4 11. Nd5 Bxd5 12. exd5 Nbd7 13. Ng3 Nb6 14. Nf5 0-0 15. Bd3 c4 16. Be4 c3 17. Nxe7+ Qxe7 18. Qe3 cxb2+ 19. Kb1 Nxe4 20. Qxe4 Qxe4 21. fxe4 Nc4 22. Bd2 a5 23. c3 bxc3 24. Bxc3 Rab8 25. a4 Rb3 0-1

[Event "Gorgonzola op-A 12th"]
[Site "Gorgonzola"]
[Date "2007.11.17"]
[Round "4"]
[White "Crippa, Gabriele"]
[Black "Bemporad, Filippo"]
[Result "1/2-1/2"]
[WhiteElo "2087"]
[BlackElo "2082"]
[PlyCount "84"]
[EventDate "2007.11.10"]
[EventType "swiss"]
[EventRounds "6"]
[EventCountry "ITA"]
[SourceTitle "EXT 2010"]
[Source "ChessBase"]
[SourceDate "2010.11.25"]
[SourceVersion "1"]
[SourceVersionDate "2010.11.25"]
[SourceQuality "1"]

1. d4 d5 2. Bf4 Nf6 3. e3 e6 4. Nd2 Be7 5. Bd3 0-0 6. g4 c5 7. c3 Nc6 8. g5 Nd7 9. Ndf3 cxd4 10. exd4 Re8 11. Ne2 Nf8 12. Bc2 e5 13. dxe5 Bg4 14. Qd3 Ng6 15. 0-0-0 Bxf3 16. Qxf3 Nxf4 17. Nxf4 Nxe5 18. Qg3 Bxg5 19. Kb1 Bxf4 20. Qxf4 Ng6 21. Qf3 Re5 22. h4 Qf6 23. Qxf6 gxf6 24. Rdg1 Kh8 25. h5 Nf8 26. f4 Re3 27. Bb3 Rd8 28. Rh4 Ne6 29. Rhg4 f5 30. R4g2 Nxf4 31. Rg7 Re7 32. Bc2 Nxh5 33. R7g5 Nf4 34. Rxf5 Ng6 35. Rgf1 Kg7 36. Rh5 Red7 37. Bb3 f6 38. Rfh1 Nf8 39. Rg1+ Ng6 40. Rgh1 Nf8 41. Rg1+ Ng6 42. Rgh1 Nf8 1/2-1/2

[Event "Gorgonzola op-A 12th"]
[Site "Gorgonzola"]
[Date "2007.11.10"]
[Round "1"]
[White "Sbarra, Marco"]
[Black "Crippa, Gabriele"]
[Result "1-0"]
[WhiteElo "2220"]
[BlackElo "2087"]
[PlyCount "45"]
[EventDate "2007.11.10"]
[EventType "swiss"]
[EventRounds "6"]
[EventCountry "ITA"]
[SourceTitle "EXT 2010"]
[Source "ChessBase"]
[SourceDate "2010.11.25"]
[SourceVersion "1"]
[SourceVersionDate "2010.11.25"]
[SourceQuality "1"]

1. d4 d6 2. Nf3 Nf6 3. c4 Bf5 4. Qb3 Qc8 5. Nc3 g6 6. Bg5 Bg7 7. e3 Ne4 8. Nxe4 Bxe4 9. Bd3 Bxd3 10. Qxd3 e5 11. c5 0-0 12. cxd6 cxd6 13. 0-0 Re8 14. Rac1 Nc6 15. Qb3 e4 16. Nd2 Qf5 17. Bh4 Nxd4 18. exd4 Qf4 19. Rc7 d5 20. Bg3 Qxd2 21. Qxd5 Rf8 22. Rxb7 Bxd4 23. Rd7 1-0

[Event "Milan Bosi op"]
[Site "Milan"]
[Date "2007.10.27"]
[Round "5"]
[White "Crippa, Gabriele"]
[Black "Brenco, Marco"]
[Result "1-0"]
[WhiteElo "2087"]
[BlackElo "2030"]
[PlyCount "105"]
[EventDate "2007.10.20"]
[EventType "swiss"]
[EventRounds "7"]
[EventCountry "ITA"]
[SourceTitle "EXT 2010"]
[Source "ChessBase"]
[SourceDate "2010.11.25"]
[SourceVersion "1"]
[SourceVersionDate "2010.11.25"]
[SourceQuality "1"]

1. d4 Nf6 2. Nf3 c5 3. e3 e6 4. a3 b6 5. c3 Bb7 6. Bd3 Be7 7. 0-0 0-0 8. Nbd2 d5 9. Ne5 Nbd7 10. f4 Ne4 11. Qa4 Nxe5 12. dxe5 f5 13. exf6 Nxf6 14. e4 c4 15. Be2 a6 16. e5 b5 17. Qc2 d4 18. cxd4 Qxd4+ 19. Kh1 Ne4 20. Nf3 Nf2+ 21. Kg1 Bxf3 22. Bxf3 Nd3+ 23. Kh1 Rad8 24. g3 Bc5 25. Qe2 g6 26. Kg2 h5 27. h4 Kg7 28. Be4 Nxc1 29. Raxc1 Qd2 30. Rc2 Qxe2+ 31. Rxe2 Rf7 32. Rc1 Rfd7 33. Rcc2 Rd3 34. Bb7 a5 35. Ba6 Rb8 36. a4 b4 37. Bxc4 Rd1 38. Bxe6 Bb6 39. Red2 Rd8 40. Rxd8 Rxd8 41. Bc4 Kf8 42. b3 Ke7 43. Kf3 Rd1 44. Rg2 Bd4 45. g4 Rg1 46. Rxg1 Bxg1 47. gxh5 gxh5 48. f5 Bh2 49. f6+ Kf8 50. Ke4 Bg3 51. Kf5 Bxh4 52. e6 Bf2 53. e7+ 1-0

[Event "Milan Bosi op"]
[Site "Milan"]
[Date "2007.10.27"]
[Round "4"]
[White "Sirletti, Sonia"]
[Black "Crippa, Gabriele"]
[Result "0-1"]
[WhiteElo "1999"]
[BlackElo "2087"]
[PlyCount "66"]
[EventDate "2007.10.20"]
[EventType "swiss"]
[EventRounds "7"]
[EventCountry "ITA"]
[SourceTitle "EXT 2010"]
[Source "ChessBase"]
[SourceDate "2010.11.25"]
[SourceVersion "1"]
[SourceVersionDate "2010.11.25"]
[SourceQuality "1"]

1. d4 d6 2. c4 Nf6 3. Nc3 Bf5 4. Nf3 h6 5. Qb3 Qc8 6. e3 Nbd7 7. Be2 c6 8. Nd2 e5 9. 0-0 Be7 10. f3 0-0 11. Nde4 Bg6 12. Bd3 Nxe4 13. Bxe4 f5 14. Bd3 Bf6 15. Ne2 c5 16. Qc2 cxd4 17. exd4 exd4 18. Bxf5 Bxf5 19. Qxf5 Nc5 20. Qd5+ Qe6 21. Qxe6+ Nxe6 22. Bd2 Rac8 23. Nf4 Nxf4 24. Bxf4 Rxc4 25. Bxd6 Rd8 26. Ba3 d3 27. Rfd1 Bd4+ 28. Kf1 Be3 29. b3 Rc2 30. Bc1 Rf2+ 31. Ke1 d2+ 32. Bxd2 Rfxd2 33. g4 Bf2+ 0-1

[Event "Milan Crespi op 27th"]
[Site "Milan"]
[Date "2006.12.08"]
[Round "2"]
[White "Crippa, Gabriele"]
[Black "Pasquotto, Mirko"]
[Result "1-0"]
[WhiteElo "2116"]
[BlackElo "1978"]
[PlyCount "49"]
[EventDate "2006.12.07"]
[EventType "swiss"]
[EventRounds "6"]
[EventCountry "ITA"]
[SourceTitle "EXT 2008"]
[Source "ChessBase"]
[SourceDate "2007.11.25"]
[SourceVersion "1"]
[SourceVersionDate "2007.11.25"]
[SourceQuality "1"]

1. d4 Nf6 2. Nf3 g6 3. Nc3 Bg7 4. e4 d6 5. Be3 0-0 6. Qd2 c6 7. Bh6 b5 8. Bd3 Bb7 9. e5 dxe5 10. dxe5 Nd5 11. Bxg7 Kxg7 12. h4 h5 13. e6 f6 14. Rh3 Qd6 15. Nxd5 Qxd5 16. Rg3 Qxe6+ 17. Kf1 f5 18. Re1 Qd6 19. Qg5 Bc8 20. Rxe7+ Rf7 21. Rxf7+ Kxf7 22. Qh6 Qf6 23. Qh7+ Qg7 24. Ne5+ Kf8 25. Nxg6+ 1-0

[Event "Milan Crespi op 27th"]
[Site "Milan"]
[Date "2006.12.07"]
[Round "1"]
[White "Oteri, Aldo"]
[Black "Crippa, Gabriele"]
[Result "1-0"]
[WhiteElo "1954"]
[BlackElo "2116"]
[PlyCount "59"]
[EventDate "2006.12.07"]
[EventType "swiss"]
[EventRounds "6"]
[EventCountry "ITA"]
[SourceTitle "EXT 2008"]
[Source "ChessBase"]
[SourceDate "2007.11.25"]
[SourceVersion "1"]
[SourceVersionDate "2007.11.25"]
[SourceQuality "1"]

1. e4 d6 2. d4 e5 3. Nf3 Nf6 4. dxe5 Nxe4 5. Bc4 c6 6. 0-0 d5 7. Qe2 Bg4 8. h3 Bh5 9. Bd3 Nc5 10. Be3 Ne6 11. c3 Nd7 12. g4 Bg6 13. Bf5 Bc5 14. b4 Bxe3 15. Qxe3 h5 16. Bxe6 fxe6 17. Ng5 hxg4 18. hxg4 Qe7 19. Nd2 Rh4 20. Qg3 Qxg5 21. Nf3 Rh1+ 22. Kxh1 Be4 23. Rae1 0-0-0 24. Kg1 Qh6 25. Nh2 Qd2 26. a4 Rh8 27. f4 Bd3 28. Rd1 Rxh2 29. Rxd2 Rxd2 30. Qe3 1-0

[Event "Bratto op 26th"]
[Site "Bratto"]
[Date "2006.08.23"]
[Round "5"]
[White "Ferretti, Folco"]
[Black "Crippa, Gabriele"]
[Result "1/2-1/2"]
[WhiteElo "2254"]
[BlackElo "2078"]
[PlyCount "58"]
[EventDate "2006.08.19"]
[EventType "swiss"]
[EventRounds "9"]
[EventCountry "ITA"]
[SourceTitle "CBM 113 Extra"]
[Source "ChessBase"]
[SourceDate "2006.09.14"]
[SourceVersion "1"]
[SourceVersionDate "2006.09.14"]
[SourceQuality "1"]

1. Nf3 d6 2. e4 Nd7 3. d4 Ngf6 4. Nc3 e5 5. Bc4 Be7 6. 0-0 0-0 7. a4 a5 8. Re1 c6 9. h3 h6 10. Ba2 Re8 11. dxe5 dxe5 12. Be3 Bb4 13. Qd3 Qe7 14. Nh4 Nc5 15. Bxc5 Bxc5 16. Ne2 Nh5 17. Qf3 Nf4 18. Nxf4 exf4 19. Ng6 Qf6 20. Nxf4 Bd6 21. Nd3 Qxf3 22. gxf3 Bxh3 23. e5 Be7 24. Re2 Bf5 25. Rae1 Rad8 26. Nc5 b6 27. e6 fxe6 28. Nxe6 Bxe6 29. Rxe6 Kf8 1/2-1/2

[Event "Bratto op 26th"]
[Site "Bratto"]
[Date "2006.08.21"]
[Round "3"]
[White "Salmoiraghi, Angelo"]
[Black "Crippa, Gabriele"]
[Result "0-1"]
[WhiteElo "2015"]
[BlackElo "2078"]
[PlyCount "130"]
[EventDate "2006.08.19"]
[EventType "swiss"]
[EventRounds "9"]
[EventCountry "ITA"]
[SourceTitle "CBM 113 Extra"]
[Source "ChessBase"]
[SourceDate "2006.09.14"]
[SourceVersion "1"]
[SourceVersionDate "2006.09.14"]
[SourceQuality "1"]

1. d4 d6 2. c4 e5 3. Nc3 g6 4. Nf3 Bg7 5. dxe5 dxe5 6. Qxd8+ Kxd8 7. e4 Nc6 8. Be3 Nd4 9. 0-0-0 c5 10. Nd5 Be6 11. Ng5 h6 12. Nxe6+ fxe6 13. Bxd4 cxd4 14. Nb4 Rc8 15. Kb1 Nf6 16. f3 g5 17. h4 Ke7 18. Nd3 Nh5 19. hxg5 hxg5 20. Rh3 Nf4 21. Nxf4 gxf4 22. Bd3 Rxh3 23. gxh3 Rh8 24. Bf1 Bf6 25. Rd2 Rg8 26. Bg2 Bh4 27. Kc2 a5 28. b3 Be1 29. Re2 Bb4 30. Kd3 Kf6 31. Rc2 b6 32. a4 Rg3 33. Ra2 Ke7 34. Rc2 Kd6 35. Rf2 Kc6 36. h4 Be7 37. Bf1 Bxh4 38. Be2 Rh3 39. Rf1 Rh2 40. Rg1 Bg3 41. Rf1 Rh7 42. Kc2 Kc5 43. Kd3 Kb4 44. Rd1 Bf2 45. Rf1 Be3 46. Rd1 Rh2 47. Rf1 Rh8 48. Rd1 Rb8 49. Kc2 Rd8 50. Kd3 Rd6 51. Kc2 Rc6 52. Bd3 Rc8 53. Be2 Rh8 54. Kd3 Rh2 55. Rf1 Ka3 56. Rd1 Kb2 57. Rf1 Rg2 58. Rh1 Kxb3 59. Rb1+ Kxa4 60. Rxb6 Rg1 61. Rb2 Rc1 62. Rc2 Ra1 63. c5 Kb4 64. Rc4+ Kb5 65. c6 Ra2 0-1

[Event "Monza Sociale op"]
[Site "Monza"]
[Date "2005.10.06"]
[Round "3"]
[White "Battistella, Stefano"]
[Black "Crippa, Gabriele"]
[Result "1-0"]
[WhiteElo "2044"]
[BlackElo "2083"]
[PlyCount "99"]
[EventDate "2005.09.22"]
[EventType "swiss"]
[EventRounds "7"]
[EventCountry "ITA"]
[SourceTitle "EXT 2007"]
[Source "ChessBase"]
[SourceDate "2006.11.23"]
[SourceVersion "1"]
[SourceVersionDate "2006.11.23"]
[SourceQuality "1"]

1. e4 d6 2. d4 Nf6 3. Nc3 e5 4. Nge2 Be7 5. g3 Bg4 6. Bg2 exd4 7. Qxd4 Nc6 8. Qa4 a6 9. Nd4 Qd7 10. Nxc6 Qxc6 11. Qxc6+ bxc6 12. e5 Nd5 13. Nxd5 cxd5 14. Bxd5 0-0-0 15. Bc4 Kb7 16. exd6 Bf3 17. 0-0 Bxd6 18. Re1 Rde8 19. Bd2 f6 20. Rxe8 Rxe8 21. Re1 Rd8 22. Be3 c6 23. Be2 Be4 24. c3 a5 25. Rd1 Kc7 26. Rd4 Bd5 27. Ra4 Ra8 28. b4 c5 29. b5 g5 30. c4 Be4 31. Bd2 Kb6 32. Ra3 Be5 33. Bd3 Bg6 34. Bxg6 hxg6 35. Rd3 Bd4 36. Kg2 a4 37. a3 Re8 38. Be3 Re4 39. Kf3 f5 40. Bxg5 Be5 41. Re3 Rxe3+ 42. Kxe3 Bb2 43. Bd8+ Kb7 44. Kd3 Bxa3 45. Ba5 Bc1 46. Kc2 Bg5 47. Bc3 f4 48. Kb2 f3 49. Ka3 Be3 50. Be1 1-0

[Event "Lombardia-ch"]
[Site "Monza"]
[Date "2005.05.15"]
[Round "2"]
[White "Crippa, Gabriele"]
[Black "Salmoiraghi, Angelo"]
[Result "1-0"]
[WhiteElo "2099"]
[BlackElo "1823"]
[PlyCount "55"]
[EventDate "2005.05.14"]
[EventType "swiss"]
[EventRounds "6"]
[EventCountry "ITA"]
[SourceTitle "EXT 2007"]
[Source "ChessBase"]
[SourceDate "2006.11.23"]
[SourceVersion "1"]
[SourceVersionDate "2006.11.23"]
[SourceQuality "1"]

1. d4 Nf6 2. Bg5 e6 3. Nf3 Be7 4. Nbd2 d5 5. e3 b6 6. Ne5 Bb7 7. c3 0-0 8. Bd3 Ne4 9. Bxe7 Qxe7 10. Qh5 f6 11. f3 Qe8 12. Qh4 fxe5 13. fxe4 Qg6 14. 0-0-0 Nd7 15. Bc2 dxe4 16. Nxe4 Qh6 17. Qxh6 gxh6 18. g4 Rf3 19. Rde1 Raf8 20. Rhg1 exd4 21. exd4 e5 22. g5 h5 23. Nf6+ Nxf6 24. gxf6+ Kf7 25. dxe5 Bd5 26. Rg7+ Ke8 27. Re7+ Kd8 28. Rd1 1-0

[Event "Lombardia-ch"]
[Site "Monza"]
[Date "2005.05.14"]
[Round "1"]
[White "Lanni, Vincenzo"]
[Black "Crippa, Gabriele"]
[Result "0-1"]
[WhiteElo "1625"]
[BlackElo "2099"]
[PlyCount "64"]
[EventDate "2005.05.14"]
[EventType "swiss"]
[EventRounds "6"]
[EventCountry "ITA"]
[SourceTitle "EXT 2007"]
[Source "ChessBase"]
[SourceDate "2006.11.23"]
[SourceVersion "1"]
[SourceVersionDate "2006.11.23"]
[SourceQuality "1"]

1. d4 d6 2. g3 e5 3. Bg2 exd4 4. Qxd4 Nc6 5. Bxc6+ bxc6 6. Qe4+ Be7 7. Qxc6+ Bd7 8. Qa6 Qb8 9. Nf3 d5 10. Qd3 Bb5 11. Qxd5 Nf6 12. Qb3 Ne4 13. 0-0 0-0 14. c4 Bd7 15. Nc3 Nxc3 16. Qxc3 Re8 17. Qc2 Bf6 18. Be3 Bc6 19. Rad1 Be4 20. Qb3 Qc8 21. Rd2 Rb8 22. Qa3 Qh3 23. Qxa7 g5 24. Qxc7 Rb7 25. Qd6 Re6 26. Qa3 Rb8 27. c5 Be7 28. Bxg5 Bxg5 29. Rd6 Rbe8 30. Rfd1 Bxf3 31. Qxf3 Rxe2 32. Qg2 Re1+ 0-1

[Event "Arco op 25th"]
[Site "Arco"]
[Date "2003.10.21"]
[Round "4"]
[White "Ricci, Alfredo"]
[Black "Crippa, Gabriele"]
[Result "0-1"]
[WhiteElo "2029"]
[BlackElo "2129"]
[PlyCount "90"]
[EventDate "2003.10.18"]
[EventType "swiss"]
[EventRounds "9"]
[EventCountry "ITA"]
[SourceTitle "EXT 2004"]
[Source "ChessBase"]
[SourceDate "2003.11.25"]
[SourceVersion "1"]
[SourceVersionDate "2003.11.25"]
[SourceQuality "1"]

1. e4 e6 2. d3 d5 3. Qe2 Nc6 4. Nf3 Nge7 5. c3 b6 6. g3 Ba6 7. e5 h6 8. h4 Nf5 9. Qc2 Qd7 10. Qa4 Nxe5 11. Qxa6 Nxf3+ 12. Ke2 Ne5 13. d4 Nc4 14. Qb7 Rd8 15. b3 Ncd6 16. Qxa7 Qc6 17. Qa6 Nxd4+ 18. cxd4 Qxc1 19. Bg2 Qb2+ 20. Nd2 Be7 21. Qa4+ b5 22. Qa7 Ne4 23. Bxe4 dxe4 24. Qxc7 Qxd4 25. Qc6+ Rd7 26. Rhd1 Qd3+ 27. Ke1 Bb4 28. Qc8+ Rd8 29. Qc6+ Ke7 30. Qc1 e3 31. fxe3 Qxe3+ 32. Kf1 Bxd2 33. Qc6 Qd3+ 34. Kg2 Qd5+ 35. Qxd5 Rxd5 36. a4 bxa4 37. bxa4 Ba5 38. Rxd5 exd5 39. Ra3 d4 40. Kf3 Kd6 41. Ke4 Kc5 42. Rb3 Re8+ 43. Kf4 Kc4 44. Rb7 d3 45. Rc7+ Kb3 0-1

[Event "Lido degli Estensi op 4th"]
[Site "Lido degli Estensi"]
[Date "2003.06.13"]
[Round "7"]
[White "Crippa, Gabriele"]
[Black "Mozes, Ervin"]
[Result "0-1"]
[WhiteElo "2120"]
[BlackElo "2345"]
[PlyCount "116"]
[EventDate "2003.06.06"]
[EventType "swiss"]
[EventRounds "9"]
[EventCountry "ITA"]
[SourceTitle "CBM 094 Extra"]
[Source "ChessBase"]
[SourceDate "2003.07.09"]
[SourceVersion "2"]
[SourceVersionDate "2003.07.09"]
[SourceQuality "1"]

1. d4 f5 2. Bf4 d6 3. e3 c6 4. Nd2 Nf6 5. c3 g6 6. h4 Bg7 7. h5 Nxh5 8. Rxh5 gxh5 9. Qxh5+ Kf8 10. Bh6 e6 11. Nh3 Qf6 12. Bg5 Qf7 13. Qh4 h6 14. Bd8 Ke8 15. Be2 Kd7 16. Bh5 Qf8 17. Ba5 Bf6 18. Qf4 Na6 19. c4 b6 20. Bc3 Kc7 21. Qh2 Qg7 22. Bf3 e5 23. Nb3 Be6 24. Be2 Kb7 25. c5 dxc5 26. dxe5 Bg5 27. Nf4 Bxf4 28. Qxf4 Qxg2 29. 0-0-0 Qe4 30. Rd6 Qxf4 31. exf4 Nc7 32. Bf3 Bd5 33. Nd2 Nb5 34. Rd7+ Nc7 35. e6 Bxe6 36. Rd6 Rad8 37. Rxc6 Kc8 38. Bxh8 Rxh8 39. Rd6 Rh7 40. Bc6 h5 41. Nf3 Bxa2 42. Rf6 Nd5 43. Rxf5 Ne7 44. Rf8+ Kc7 45. Be4 Rf7 46. Ra8 Nc8 47. f5 Re7 48. Ng5 Rxe4 49. Nxe4 Kb7 50. Rxc8 Kxc8 51. f6 Kd7 52. Ng5 a5 53. Kd2 a4 54. f4 Bd5 55. f5 b5 56. Ke3 b4 57. Kf4 a3 58. bxa3 bxa3 0-1